000 00683nam a22002177u 4500
999 _c6010
_d6010
001 6442
003 OSt
005 20170818153643.0
007 tu
008 161220s1995 xxu||||| |||| 00| 0 d
024 7 _a6442
_2RID
024 7 _a6442
_2RSN (alt)
040 _cOSt
100 1 _aNsouli, Saleh M.
245 0 0 _aResilience and Growth Through Sustained Adjustment
_bThe Moroccan Experience
260 _aWashington, D.C. :
_bInternational Monetary Fund,
_c1995.
490 _aIMF Occasional Paper
_v117
_x0251-6365
710 2 _aInternational Monetary Fund (IMF)
942 _cP